000 00458nmm a2200169Ia 4500
008 251105s9999||||xx |||||||||||||||||und||
020 _a9788499210339
041 _aspa
100 _aGuardans Cambó, Teresa
245 0 _aLas religiones : cinco llaves
264 _a[Madrid, España] :
_bOctaedro,
_c2007
300 _a152 páginas
490 _aAula
650 _aReligion(s)
856 _uhttps://public.digitaliapublishing.com/a/14802
942 _cCF
999 _c92468
_d92468